Statistics for Famous Norwegian People

Click here to take the quiz!

General Stats

  • This quiz has been taken 64 times
  • The average score is 10 of 20

Answer Stats

ClueNorwegian% Correct
He painted "The Scream"Edvard Munch
87%
First person to reach the South PoleRoald Amundsen
78%
Band who made "Take on Me"A-ha
77%
Discovered GreenlandErik the Red
67%
Ice queen of "Frozen"Queen Elsa
67%
Infamous Nazi-collaborating leader
Vidkun Quisling
60%
"A Doll's House" playwrightHenrik Ibsen
58%
No. 1 chess player in the worldMagnus Carlsen
52%
"In the Hall of the Mountain King"Edvard Grieg
48%
Current Secretary-General of NATOJens Stoltenberg
48%
King for whom Oslo was
formerly named
Christian IV
45%
Current king of NorwayHarald V
43%
Led the Kon-Tiki expeditionThor Heyerdahl
43%
DJ who made "Faded"Alan Walker
37%
Figure-skater who won Olympic
gold at age 15, in 1928
Sonja Henie
35%
Comedy duo from "The Fox"Ylvis
33%
2009 Eurovision winnerAlexander Rybak
32%
Made the first crossing of
the Greenland interior
Fridtjof Nansen
27%
Most decorated Winter OlympianMarit Bjørgen
22%
Betty White's character in
"The Golden Girls"
Rose Nylund
22%

Score Distribution

Percentile by Number Answered

Percent of People with Each Score

Your Score History

You have not taken this quiz